| 000 | 00925cam a22002773a 4500 | ||
|---|---|---|---|
| 001 | 13561 | ||
| 003 | PGUSA | ||
| 005 | 20140828083306.0 | ||
| 008 | 040930s2004||||xxu|||||s|||||000 p eng d | ||
| 040 |
_aPGUSA _beng |
||
| 042 | _adc | ||
| 050 | 4 | _aPR | |
| 100 | 1 |
_aJones, Henry, _cSir, _d1852-1922 |
|
| 245 | 1 | 0 |
_aBrowning as a Philosophical and Religious Teacher _h[electronic resource] / _cHenry, Jones |
| 260 |
_bProject Gutenberg, _c2004 |
||
| 506 | _aPublic domain in the USA. | ||
| 516 | _aElectronic text | ||
| 653 | _aBrowning, Robert, 1812-1889 -- Philosophy | ||
| 653 | _aBrowning, Robert, 1812-1889 -- Religion | ||
| 653 | _aDidactic poetry, English -- History and criticism | ||
| 653 | _aChristian poetry, English -- 19th century -- History and criticism | ||
| 653 | _aPhilosophy in literature | ||
| 830 | 0 |
_aProject Gutenberg _v13561 |
|
| 856 | 4 | 0 | _uhttp://www.gutenberg.org/ebooks/13561 |
| 942 | _cEB | ||
| 999 |
_c242816 _d242816 |
||